| 000 | 00400nam a2200145 a 4500 | ||
|---|---|---|---|
| 001 | 000041239 | ||
| 005 | 20201002034725.0 | ||
| 008 | 130927s2012 xxu 000 0 spa d | ||
| 020 | _a9781937271169 | ||
| 040 |
_aDO-SdBNP _beng _cBNPHU |
||
| 082 |
_axxxx _bxxxx |
||
| 245 | 0 | 0 |
_aJesus Christ : _bmessage to all nations. |
| 260 |
_aEstados Unidos : _bWarren S. Jeffs, _c2012. |
||
| 300 |
_a292 p. ; _c24 cm. |
||
| 999 |
_c40729 _d40729 |
||